[Event "Muensterland Verbandsliga 1920"]
[Site "Germany"]
[Date "2020.02.01"]
[Round "6.6"]
[White "Schulte, Ralf"]
[Black "Diepenbrock, Till"]
[Result "0-1"]
[WhiteElo "1779"]
[BlackElo "1788"]
[PlyCount "64"]
[EventDate "2019.09.07"]
[EventType "team-tourn"]
[EventRounds "7"]
[EventCountry "GER"]
[SourceTitle "EXT 2023"]
[Source "ChessBase"]
[SourceDate "2022.10.05"]
[SourceVersion "1"]
[SourceVersionDate "2022.10.05"]
[SourceQuality "1"]
[WhiteTeam "Emsdetten Rochade II"]
[BlackTeam "Nordwalde"]
[WhiteTeamCountry "GER"]
[BlackTeamCountry "GER"]

1. d4 d5 2. Nf3 Nf6 3. c4 c6 4. cxd5 cxd5 5. Nc3 Bf5 6. Qb3 b6 7. Bg5 e6 8. e3 Be7 9. Bxf6 gxf6 10. Qa4+ Nd7 11. Bb5 a6 12. Bc6 Rc8 13. Bxd7+ Qxd7 14. Qxa6 0-0 15. 0-0 Kh8 16. Nh4 Bg4 17. h3 Bh5 18. f4 Rg8 19. Rac1 Ra8 20. Qd3 f5 21. Nf3 Rg3 22. Ne2 Rg7 23. Ne5 Qe8 24. a3 Qg8 25. Rf2 Bh4 26. g3 f6 27. Nc6 Bxg3 28. Nxg3 Rxg3+ 29. Kh2 Bg4 30. Qd2 Rxh3+ 31. Kg1 Bf3+ 32. Rg2 Bxg2 0-1

[Event "Muensterland Verbandsliga 1920"]
[Site "Germany"]
[Date "2019.11.30"]
[Round "4.5"]
[White "Pohl, Detlev"]
[Black "Schulte, Ralf"]
[Result "1/2-1/2"]
[WhiteElo "1798"]
[BlackElo "1779"]
[PlyCount "75"]
[EventDate "2019.09.07"]
[EventType "team-tourn"]
[EventRounds "7"]
[EventCountry "GER"]
[SourceTitle "EXT 2023"]
[Source "ChessBase"]
[SourceDate "2022.10.05"]
[SourceVersion "1"]
[SourceVersionDate "2022.10.05"]
[SourceQuality "1"]
[WhiteTeam "Telgte"]
[BlackTeam "Emsdetten Rochade II"]
[WhiteTeamCountry "GER"]
[BlackTeamCountry "GER"]

1. e4 c5 2. a3 Nc6 3. b4 cxb4 4. axb4 Nxb4 5. d4 d5 6. c3 Nc6 7. exd5 Qxd5 8. Na3 Bf5 9. Nb5 Qd8 10. d5 Ne5 11. Bf4 f6 12. Nf3 Nxf3+ 13. Qxf3 Kf7 14. g4 Bd7 15. Nc7 Rc8 16. Ne6 Qb6 17. Be2 Bxe6 18. dxe6+ Qxe6 19. 0-0 Qc6 20. Rxa7 Qxf3 21. Bxf3 g5 22. Be3 Rxc3 23. Rxb7 h5 24. gxh5 Nh6 25. Bd5+ Kg7 26. Be6 Nf7 27. Bd4 Rd3 28. Bc5 Nd8 29. Rb6 Nxe6 30. Rxe6 Kf7 31. Rfe1 Rd1 32. Rxd1 Kxe6 33. Rd8 Kf7 34. Kg2 Rxh5 35. Ba3 Rh4 36. h3 Ra4 37. Bc5 Rc4 38. Ba3 1/2-1/2

[Event "Muensterland Verbandsklasse 1819"]
[Site "Germany"]
[Date "2019.04.06"]
[Round "8.4"]
[White "Schulte, Ralf"]
[Black "Reinhold, Klaus"]
[Result "1/2-1/2"]
[WhiteElo "1803"]
[BlackElo "1816"]
[PlyCount "37"]
[EventDate "2018.09.15"]
[EventType "team-tourn"]
[EventRounds "9"]
[EventCountry "GER"]
[SourceTitle "EXT 2020"]
[Source "ChessBase"]
[SourceDate "2019.10.17"]
[SourceVersion "1"]
[SourceVersionDate "2019.10.17"]
[SourceQuality "1"]
[WhiteTeam "Emsdetten Rochade III"]
[BlackTeam "Gronau II"]
[WhiteTeamCountry "GER"]
[BlackTeamCountry "GER"]

1. d4 d5 2. c4 c6 3. e3 Nf6 4. Nc3 e6 5. Nf3 Nbd7 6. Bd3 Bd6 7. 0-0 0-0 8. e4 dxc4 9. Bxc4 e5 10. Bg5 Qe7 11. d5 Nb6 12. Bb3 Bg4 13. Qd3 h6 14. Bh4 Rac8 15. Nd2 g5 16. Bg3 cxd5 17. exd5 Bh5 18. Rfe1 Bg6 19. Qe2 1/2-1/2

[Event "Muensterland Verbandsklasse 1819"]
[Site "Germany"]
[Date "2018.10.06"]
[Round "2.6"]
[White "Gaebler, Marcel"]
[Black "Schulte, Ralf"]
[Result "1/2-1/2"]
[WhiteElo "1589"]
[BlackElo "1803"]
[PlyCount "57"]
[EventDate "2018.09.15"]
[EventType "team-tourn"]
[EventRounds "9"]
[EventCountry "GER"]
[SourceTitle "EXT 2020"]
[Source "ChessBase"]
[SourceDate "2019.10.17"]
[SourceVersion "1"]
[SourceVersionDate "2019.10.17"]
[SourceQuality "1"]
[WhiteTeam "Beelen II"]
[BlackTeam "Emsdetten Rochade III"]
[WhiteTeamCountry "GER"]
[BlackTeamCountry "GER"]

1. d4 d5 2. c4 e6 3. Nc3 Nf6 4. e3 Be7 5. Nf3 0-0 6. Bd2 b6 7. cxd5 Nxd5 8. Nxd5 Qxd5 9. Qc2 c5 10. Bd3 Bb7 11. Bxh7+ Kh8 12. Bd3 cxd4 13. exd4 Rc8 14. Bc3 Nc6 15. Qe2 Nb4 16. a3 Nxd3+ 17. Qxd3 a5 18. h4 Ba6 19. Qe3 Bf6 20. h5 b5 21. h6 g6 22. Qf4 Qf5 23. Qxf5 exf5 24. Ne5 Ra7 25. g4 fxg4 26. Nxg4 Re8+ 27. Kd1 Bg5 28. d5+ Kh7 29. Kc2 1/2-1/2

[Event "Muensterland Verbandsklasse 1819"]
[Site "Germany"]
[Date "2018.09.15"]
[Round "1.5"]
[White "Haves, Daniel"]
[Black "Schulte, Ralf"]
[Result "1/2-1/2"]
[WhiteElo "1618"]
[BlackElo "1803"]
[PlyCount "53"]
[EventDate "2018.09.15"]
[EventType "team-tourn"]
[EventRounds "9"]
[EventCountry "GER"]
[SourceTitle "EXT 2020"]
[Source "ChessBase"]
[SourceDate "2019.10.17"]
[SourceVersion "1"]
[SourceVersionDate "2019.10.17"]
[SourceQuality "1"]
[WhiteTeam "Hiltrup"]
[BlackTeam "Emsdetten Rochade III"]
[WhiteTeamCountry "GER"]
[BlackTeamCountry "GER"]

1. f4 d6 2. e4 c5 3. Nf3 e6 4. d3 Nf6 5. Be2 Nc6 6. c3 Be7 7. Na3 a6 8. 0-0 0-0 9. Nc2 b5 10. b4 cxb4 11. cxb4 Bb7 12. a3 Rc8 13. Bd2 Qc7 14. Rc1 Qb8 15. Kh1 Rfd8 16. Ne3 h6 17. f5 e5 18. Ng1 d5 19. Nxd5 Nxd5 20. exd5 Rxd5 21. Bxh6 gxh6 22. f6 Bxf6 23. Rxf6 Rd6 24. Qf1 Qc7 25. Bh5 Rf8 26. Qf3 Qe7 27. Rf1 1/2-1/2

[Event "Muensterland Verbandsklasse 1718"]
[Site "Germany"]
[Date "2018.01.27"]
[Round "5.6"]
[White "Robers, Frank"]
[Black "Schulte, Ralf"]
[Result "0-1"]
[WhiteElo "1648"]
[BlackElo "1730"]
[PlyCount "48"]
[EventDate "2017.09.16"]
[EventType "team-tourn"]
[EventRounds "9"]
[EventCountry "GER"]
[SourceTitle "EXT 2019"]
[Source "ChessBase"]
[SourceDate "2018.10.10"]
[SourceVersion "1"]
[SourceVersionDate "2018.10.10"]
[SourceQuality "1"]
[WhiteTeam "Gescher"]
[BlackTeam "Emsdetten Rochade III"]
[WhiteTeamCountry "GER"]
[BlackTeamCountry "GER"]

1. e4 c5 2. Nf3 Nc6 3. d4 cxd4 4. Nxd4 Nf6 5. Nc3 d6 6. g3 e6 7. Bg2 Be7 8. 0-0 0-0 9. Re1 a6 10. Nxc6 bxc6 11. e5 Nd5 12. exd6 Qxd6 13. Ne4 Qc7 14. Bg5 Rd8 15. Bxe7 Qxe7 16. Qe2 Qb4 17. Rad1 a5 18. a3 Qb6 19. c4 Ba6 20. Qc2 Ne7 21. c5 Qc7 22. Nd6 Nd5 23. Bxd5 cxd5 24. b4 Rxd6 0-1

[Event "Muensterland Verbandsklasse 1718"]
[Site "Germany"]
[Date "2017.11.25"]
[Round "3.6"]
[White "Schlattmann, Martin"]
[Black "Schulte, Ralf"]
[Result "0-1"]
[WhiteElo "1750"]
[BlackElo "1730"]
[PlyCount "146"]
[EventDate "2017.09.16"]
[EventType "team-tourn"]
[EventRounds "9"]
[EventCountry "GER"]
[SourceTitle "EXT 2019"]
[Source "ChessBase"]
[SourceDate "2018.10.10"]
[SourceVersion "1"]
[SourceVersionDate "2018.10.10"]
[SourceQuality "1"]
[WhiteTeam "Stadtlohn"]
[BlackTeam "Emsdetten Rochade III"]
[WhiteTeamCountry "GER"]
[BlackTeamCountry "GER"]

1. d4 d5 2. Nf3 Nf6 3. c4 e6 4. Nc3 c6 5. Bg5 Be7 6. e3 Nbd7 7. Qc2 h6 8. Bh4 0-0 9. Bd3 dxc4 10. Bxc4 Nd5 11. Bxe7 Qxe7 12. Bxd5 exd5 13. 0-0 Re8 14. Rfe1 Nf6 15. Ne5 Ng4 16. Nxg4 Bxg4 17. f3 Bh5 18. Qf2 Rad8 19. a3 Qf6 20. Rad1 Re7 21. Rd2 Rde8 22. b4 a6 23. e4 dxe4 24. Rxe4 Bg6 25. Rxe7 Rxe7 26. Na4 Qe6 27. Nc5 Qc4 28. Qf1 Qc3 29. Re2 Qxd4+ 30. Rf2 a5 31. Ne4 Bxe4 32. fxe4 Rxe4 33. bxa5 Qe5 34. Qd3 Re3 35. Qd8+ Kh7 36. Rf1 Rxa3 37. Qd7 Qe3+ 38. Kh1 Qe6 39. Qxb7 Rxa5 40. Qb1+ g6 41. Qb4 Rf5 42. Rb1 Rb5 43. Qe1 Qxe1+ 44. Rxe1 c5 45. Rc1 c4 46. Kg1 Rc5 47. Kf2 Kg7 48. Ke3 Kf6 49. Kd4 Rc7 50. Rxc4 Rxc4+ 51. Kxc4 Ke5 52. Kd3 Kf4 53. Ke2 h5 54. Kf2 h4 55. Ke2 g5 56. Kf2 g4 57. Ke2 Ke4 58. Kf2 f5 59. Ke2 f4 60. Kf2 f3 61. g3 hxg3+ 62. hxg3 Kd3 63. Kf1 Ke4 64. Kf2 Kd3 65. Kf1 f2 66. Kxf2 Kd2 67. Kf1 Ke3 68. Ke1 Kf3 69. Kf1 Kxg3 70. Kg1 Kf3 71. Kf1 g3 72. Kg1 g2 73. Kh2 Kf2 0-1

[Event "Muensterland Verbandsliga 1718"]
[Site "Germany"]
[Date "2017.10.07"]
[Round "2.8"]
[White "Schulte, Ralf"]
[Black "Wagner, Nils Frederic"]
[Result "1-0"]
[WhiteElo "1776"]
[BlackElo "1725"]
[PlyCount "85"]
[EventDate "2017.09.09"]
[EventType "team-tourn"]
[EventRounds "9"]
[EventCountry "GER"]
[SourceTitle "EXT 2019"]
[Source "ChessBase"]
[SourceDate "2018.10.10"]
[SourceVersion "1"]
[SourceVersionDate "2018.10.10"]
[SourceQuality "1"]
[WhiteTeam "Emsdetten Rochade II"]
[BlackTeam "Borken"]
[WhiteTeamCountry "GER"]
[BlackTeamCountry "GER"]

1. d4 Nf6 2. Nf3 e6 3. Bg5 d5 4. e3 Be7 5. c4 Nbd7 6. Nc3 0-0 7. Bd3 h6 8. Bh4 c6 9. 0-0 dxc4 10. Bxc4 Re8 11. Qe2 Nh5 12. Bxe7 Qxe7 13. Bb3 Nhf6 14. Rac1 e5 15. h3 exd4 16. Nxd4 Nc5 17. Bc2 Qe5 18. Qf3 Nce4 19. Nxe4 Nxe4 20. Rfd1 Ng5 21. Qe2 Nxh3+ 22. gxh3 Bxh3 23. Qf3 Qg5+ 24. Kh2 Bg4 25. Qg3 Re5 26. f4 Qh5+ 27. Kg2 Rc5 28. Rh1 Qd5+ 29. Nf3 h5 30. Bb3 Qd6 31. Rxc5 Qxc5 32. Ne5 Bf5 33. Bxf7+ Kf8 34. Re1 Be4+ 35. Kg1 Rd8 36. Bb3 Rd2 37. Nf3 Rxb2 38. Qh3 Qb4 39. Qc8+ Ke7 40. Qe6+ Kd8 41. Rd1+ Bd5 42. Bxd5 cxd5 43. Rxd5+ 1-0

[Event "Muensterland Verbandsliga 1516"]
[Site "Germany"]
[Date "2016.03.05"]
[Round "7.8"]
[White "Schulte, Ralf"]
[Black "Voss, Andreas"]
[Result "0-1"]
[WhiteElo "1774"]
[BlackElo "1712"]
[PlyCount "174"]
[EventDate "2015.09.12"]
[EventType "team"]
[EventRounds "9"]
[EventCountry "GER"]
[SourceTitle "EXT 2017"]
[Source "ChessBase"]
[SourceDate "2016.10.25"]
[SourceVersion "1"]
[SourceVersionDate "2016.10.25"]
[SourceQuality "1"]
[WhiteTeam "Emsdetten Rochade II"]
[BlackTeam "Muenster SK IV"]
[WhiteTeamCountry "GER"]
[BlackTeamCountry "GER"]

1. d4 f5 2. Nf3 Nf6 3. g3 e6 4. Bg2 d5 5. 0-0 Bd6 6. Nbd2 0-0 7. e3 Nbd7 8. c4 c6 9. a3 a5 10. b3 Ne4 11. Bb2 Qe7 12. Qc2 b6 13. Rfc1 g5 14. Ne5 Bb7 15. cxd5 cxd5 16. f4 Ba6 17. Qd1 Rac8 18. Nxe4 fxe4 19. Qg4 Nxe5 20. fxe5 Rxc1+ 21. Rxc1 Bxa3 22. Bxa3 Qxa3 23. Qxe6+ Kh8 24. Qc6 Qxb3 25. h3 Qxe3+ 26. Kh2 Qxd4 27. Qd6 Qb4 28. Qh6 Bc4 29. h4 Qe7 30. hxg5 b5 31. Kg1 Qg7 32. Qd6 Re8 33. e6 Qxg5 34. Rc2 Qe7 35. Qe5+ Qg7 36. Qd6 Qe7 37. Qe5+ Kg8 38. Rf2 Qxe6 39. Qh5 Qg6 40. Qh4 Rf8 41. Rf4 Rxf4 42. Qxf4 Qb6+ 43. Kh2 b4 44. Qg5+ Kf8 45. Bh3 Qf2+ 46. Kh1 Qb6 47. Qf5+ Ke7 48. Qd7+ Kf6 49. Qf5+ Kg7 50. Qd7+ Kh6 51. Qf7 Qd6 52. Bg4 b3 53. Qh5+ Kg7 54. Qg5+ Kh8 55. Qf5 b2 56. Qc8+ Kg7 57. Qb7+ Kh6 58. Qxb2 d4 59. Qh2+ Kg7 60. Bh5 Qh6 61. Qh4 Qc1+ 62. Kh2 Qd2+ 63. Kh3 Be6+ 64. Bg4 Bxg4+ 65. Qxg4+ Kf6 66. Qxe4 h6 67. Qc6+ Ke5 68. Qb5+ Ke4 69. Qb7+ Kd3 70. Qf3+ Kc2 71. Qc6+ Qc3 72. Qa4+ Kb2 73. Qb5+ Ka3 74. Qe5 a4 75. Qd6+ Ka2 76. Qd5+ Kb1 77. Qb5+ Qb3 78. Qf1+ Kc2 79. Qe2+ Kc3 80. Qe1+ Kc4 81. Qe6+ Kb4 82. Qd6+ Kc3 83. Qc6+ Qc4 84. Qxh6 Qf1+ 85. Kg4 Qd1+ 86. Kf5 Qf3+ 87. Kg6 Qc6+ 0-1

[Event "Muensterland Verbandsklasse 1415"]
[Site "Germany"]
[Date "2015.03.21"]
[Round "8.5"]
[White "Schulte, Ralf"]
[Black "Kaiser, Guenter1111"]
[Result "1-0"]
[WhiteElo "1740"]
[BlackElo "1627"]
[PlyCount "33"]
[EventDate "2014.09.13"]
[EventType "team-tourn"]
[EventRounds "9"]
[EventCountry "GER"]
[SourceTitle "EXT 2016"]
[Source "ChessBase"]
[SourceDate "2015.10.08"]
[SourceVersion "1"]
[SourceVersionDate "2015.10.08"]
[SourceQuality "1"]
[WhiteTeam "Emsdetten Rochade II"]
[BlackTeam "Ochtrup"]
[WhiteTeamCountry "GER"]
[BlackTeamCountry "GER"]

1. d4 d5 2. Nf3 c6 3. e3 Nf6 4. c4 e6 5. Nc3 Be7 6. Bd3 dxc4 7. Bxc4 Nbd7 8. 0-0 0-0 9. e4 b5 10. Bd3 a6 11. Qe2 Bb7 12. Rd1 Qc7 13. Bg5 Bb4 14. Rac1 Qa5 15. e5 Nd5 16. Nxd5 cxd5 17. a3 1-0

[Event "Steinfurt Bezirksliga 1314"]
[Site "Germany"]
[Date "2013.09.14"]
[Round "1.5"]
[White "Schellmann, Mareike"]
[Black "Schulte, Ralf"]
[Result "0-1"]
[WhiteElo "1543"]
[BlackElo "1718"]
[PlyCount "50"]
[EventDate "2013.09.14"]
[EventType "team-tourn"]
[EventRounds "9"]
[EventCountry "GER"]
[SourceTitle "EXT 2015"]
[Source "ChessBase"]
[SourceDate "2014.11.20"]
[SourceVersion "1"]
[SourceVersionDate "2014.11.20"]
[SourceQuality "1"]
[WhiteTeam "Emsdetten Rochade III"]
[BlackTeam "Emsdetten Rochade II"]
[WhiteTeamCountry "GER"]
[BlackTeamCountry "GER"]

1. e4 c5 2. Nf3 Nc6 3. d4 cxd4 4. Nxd4 Nf6 5. Nc3 d6 6. Bc4 e6 7. Bb3 Be7 8. Be3 a6 9. a4 Qc7 10. 0-0 0-0 11. f3 Bd7 12. Qd2 Na5 13. Rfd1 Rac8 14. Qf2 Nc4 15. Bxc4 Qxc4 16. Rd2 Qc7 17. Nb3 Bc6 18. Bb6 Qb8 19. Ba7 Qa8 20. Bb6 d5 21. Nd4 dxe4 22. Nxc6 Rxc6 23. Nxe4 Nxe4 24. fxe4 Qc8 25. c3 Rxb6 0-1

[Event "Steinfurt Bezirksliga 1213"]
[Site "Germany"]
[Date "2012.12.22"]
[Round "4.5"]
[White "Schulte, Ralf"]
[Black "Hallmeier, Philipp"]
[Result "0-1"]
[WhiteElo "1740"]
[BlackElo "1634"]
[PlyCount "52"]
[EventDate "2012.09.22"]
[EventType "team-tourn"]
[EventRounds "9"]
[EventCountry "GER"]
[SourceTitle "EXT 2015"]
[Source "ChessBase"]
[SourceDate "2014.11.20"]
[SourceVersion "1"]
[SourceVersionDate "2014.11.20"]
[SourceQuality "1"]
[WhiteTeam "Emsdetten Rochade II"]
[BlackTeam "Ibbenbueren II"]
[WhiteTeamCountry "GER"]
[BlackTeamCountry "GER"]

1. d4 Nf6 2. Nf3 e6 3. Bg5 h6 4. Bh4 d5 5. e3 Be7 6. Bd3 0-0 7. 0-0 Nbd7 8. c4 b6 9. cxd5 exd5 10. Nc3 Bb7 11. Rc1 Ne4 12. Bxe7 Qxe7 13. Qb3 Nxc3 14. Qxc3 c5 15. dxc5 Nxc5 16. Be2 Rac8 17. Qb4 Qf6 18. Qd4 Qxd4 19. Nxd4 Na4 20. b3 Nc3 21. Bg4 Rc5 22. Rc2 Bc8 23. Bf3 Ba6 24. Rfc1 Rfc8 25. Kh1 Nxa2 26. Rxc5 bxc5 0-1

[Event "Lingen op 4th"]
[Site "Lingen"]
[Date "2012.07.22"]
[Round "5"]
[White "Langhorst, Tobias"]
[Black "Schulte, Ralf"]
[Result "0-1"]
[WhiteElo "1429"]
[BlackElo "1774"]
[PlyCount "92"]
[EventDate "2012.07.20"]
[EventType "swiss"]
[EventRounds "5"]
[EventCountry "GER"]
[SourceTitle "EXT 2013"]
[Source "ChessBase"]
[SourceDate "2012.11.22"]
[SourceVersion "1"]
[SourceVersionDate "2012.11.22"]
[SourceQuality "1"]

1. e4 c5 2. Nf3 Nc6 3. d4 cxd4 4. Nxd4 Nf6 5. Nc3 d6 6. f3 e5 7. Ndb5 a6 8. Na3 Be7 9. Bg5 h6 10. Bxf6 Bxf6 11. Nd5 Bg5 12. Nc4 Be6 13. Ndb6 Bxc4 14. Nxc4 Be7 15. Qd5 Qc7 16. c3 0-0 17. Rd1 Rad8 18. Be2 Bg5 19. a4 b6 20. 0-0 Ne7 21. Qd3 d5 22. exd5 Nxd5 23. Qe4 Qc5+ 24. Kh1 f5 25. Qxe5 Rfe8 26. Qxf5 Rxe2 27. Nxb6 Qxb6 28. Rxd5 Rf8 29. Qg4 Qxb2 30. c4 Qc2 31. c5 Rf4 32. Qc8+ Kh7 33. Qxa6 Rxg2 34. Qd3+ Qxd3 35. Rxd3 Ra2 36. c6 Rh4 37. h3 Rxh3+ 38. Kg1 Rg3+ 39. Kh1 Rxa4 40. f4 Bxf4 41. Rxf4 Ra1+ 42. Kh2 Rxd3 43. c7 Ra2+ 44. Kg1 Rd1+ 45. Rf1 Rxf1+ 46. Kxf1 Rc2 0-1

[Event "Lingen op 4th"]
[Site "Lingen"]
[Date "2012.07.22"]
[Round "4"]
[White "Schulte, Ralf"]
[Black "Soechtig, Rudolf"]
[Result "0-1"]
[WhiteElo "1774"]
[BlackElo "1689"]
[PlyCount "50"]
[EventDate "2012.07.20"]
[EventType "swiss"]
[EventRounds "5"]
[EventCountry "GER"]
[SourceTitle "EXT 2013"]
[Source "ChessBase"]
[SourceDate "2012.11.22"]
[SourceVersion "1"]
[SourceVersionDate "2012.11.22"]
[SourceQuality "1"]

1. d4 d5 2. Nf3 Nf6 3. c4 e6 4. Nc3 Be7 5. Bg5 0-0 6. e3 h6 7. Bh4 b6 8. Bd3 Bb7 9. 0-0 Nbd7 10. Qe2 c5 11. Rfd1 Ne4 12. Bxe7 Qxe7 13. cxd5 exd5 14. Rac1 f5 15. Bb1 c4 16. Rf1 Rac8 17. Rce1 Kh8 18. Nd2 Qe6 19. Ncxe4 fxe4 20. f4 b5 21. g4 b4 22. f5 Qd6 23. h4 Qg3+ 24. Qg2 Qxh4 25. Rf4 Qxe1+ 0-1

[Event "Lingen op 4th"]
[Site "Lingen"]
[Date "2012.07.21"]
[Round "2"]
[White "Schulte, Ralf"]
[Black "Maas, Joop"]
[Result "0-1"]
[WhiteElo "1774"]
[BlackElo "1888"]
[PlyCount "68"]
[EventDate "2012.07.20"]
[EventType "swiss"]
[EventRounds "5"]
[EventCountry "GER"]
[SourceTitle "EXT 2013"]
[Source "ChessBase"]
[SourceDate "2012.11.22"]
[SourceVersion "1"]
[SourceVersionDate "2012.11.22"]
[SourceQuality "1"]

1. d4 d5 2. Nf3 Nf6 3. c4 e6 4. Nc3 Be7 5. Bg5 h6 6. Bh4 0-0 7. e3 Ne4 8. Bxe7 Qxe7 9. Qc2 Nxc3 10. Qxc3 dxc4 11. Bxc4 b6 12. Rc1 Bb7 13. Be2 Rc8 14. 0-0 c5 15. Qa3 Nd7 16. Ba6 Bxf3 17. gxf3 Rd8 18. f4 Rab8 19. Be2 Qf6 20. Rfd1 cxd4 21. Rxd4 Nc5 22. Rcd1 a5 23. Bf3 Rxd4 24. Rxd4 e5 25. Rc4 Rd8 26. Qc3 Qg6+ 27. Kh1 e4 28. Be2 Nd3 29. Bxd3 Rxd3 30. Qc2 Qg4 31. Rd4 Rxd4 32. exd4 Qxf4 33. d5 e3 34. fxe3 Qf1# 0-1

[Event "Steinfurt Bezirksliga 1112"]
[Site "Germany"]
[Date "2011.10.01"]
[Round "1.5"]
[White "Sowa, Rudolf"]
[Black "Schulte, Ralf"]
[Result "1/2-1/2"]
[WhiteElo "1658"]
[BlackElo "1742"]
[PlyCount "51"]
[EventDate "2011.10.01"]
[EventType "team-tourn"]
[EventRounds "9"]
[EventCountry "GER"]
[SourceTitle "EXT 2013"]
[Source "ChessBase"]
[SourceDate "2012.11.22"]
[SourceVersion "1"]
[SourceVersionDate "2012.11.22"]
[SourceQuality "1"]
[WhiteTeam "Emsdetten Rochade III"]
[BlackTeam "Emsdetten Rochade II"]
[WhiteTeamCountry "GER"]
[BlackTeamCountry "GER"]

1. e4 c5 2. Nf3 Nc6 3. c3 d5 4. exd5 Qxd5 5. d4 Nf6 6. Be2 Bg4 7. c4 Qd6 8. d5 Ne5 9. 0-0 Bxf3 10. Bxf3 g6 11. Nc3 a6 12. Ne4 Nxe4 13. Bxe4 Bg7 14. Bf4 0-0 15. Rb1 Qf6 16. Bxe5 Qxe5 17. Re1 Qd6 18. Bf3 Rfe8 19. Re4 b5 20. b3 Rab8 21. Qe2 Be5 22. g3 Qf6 23. Re1 Bd6 24. Kg2 b4 25. Bg4 a5 26. Bd7 1/2-1/2

[Event "Muensterland Verbandsklasse-B 0910"]
[Site "Germany"]
[Date "2009.10.24"]
[Round "2.8"]
[White "Herdering, Sebastian"]
[Black "Schulte, Ralf"]
[Result "1/2-1/2"]
[WhiteElo "1450"]
[BlackElo "1717"]
[PlyCount "70"]
[EventDate "2009.09.19"]
[EventType "team-tourn"]
[EventRounds "9"]
[EventCountry "GER"]
[SourceTitle "EXT 2011"]
[Source "ChessBase"]
[SourceDate "2010.11.26"]
[SourceVersion "1"]
[SourceVersionDate "2010.11.26"]
[SourceQuality "1"]
[WhiteTeam "Metelen"]
[BlackTeam "Emsdetten Rochade"]
[WhiteTeamCountry "GER"]
[BlackTeamCountry "GER"]

1. e4 c5 2. Nf3 Nc6 3. d4 cxd4 4. Nxd4 Nf6 5. Nc3 d6 6. Be2 e5 7. Nb3 Be7 8. Be3 0-0 9. Qd2 a5 10. Rd1 a4 11. Nc1 Qa5 12. f3 Be6 13. a3 Rfd8 14. 0-0 d5 15. exd5 Nxd5 16. Nxd5 Rxd5 17. Qxa5 Nxa5 18. Rxd5 Bxd5 19. Kf2 Nc4 20. Bxc4 Bxc4 21. Rd1 Rd8 22. Rxd8+ Bxd8 23. Nd3 Bxd3 24. cxd3 Kf8 25. h3 Ke8 26. f4 exf4 27. Bxf4 Bf6 28. Bc1 Kd7 29. Kf3 Ke6 30. Ke4 Kd6 31. d4 Kc6 32. Bd2 Be7 33. g4 Bd6 34. d5+ Kd7 35. Bc3 g6 1/2-1/2

[Event "Muensterland Verbandsklasse-A 0809"]
[Site "Germany"]
[Date "2009.03.28"]
[Round "8.6"]
[White "Schulte, Ralf"]
[Black "Mummel, Christian"]
[Result "1/2-1/2"]
[WhiteElo "1706"]
[BlackElo "1803"]
[PlyCount "29"]
[EventDate "2008.09.13"]
[EventType "team-tourn"]
[EventRounds "9"]
[EventCountry "GER"]
[SourceTitle "EXT 2010"]
[Source "ChessBase"]
[SourceDate "2010.11.25"]
[SourceVersion "1"]
[SourceVersionDate "2010.11.25"]
[SourceQuality "1"]
[WhiteTeam "Emsdetten Rochade"]
[BlackTeam "Suedlohn II"]
[WhiteTeamCountry "GER"]
[BlackTeamCountry "GER"]

1. d4 Nf6 2. Nf3 d5 3. c4 e6 4. Nc3 Be7 5. Bg5 0-0 6. e3 Nbd7 7. Rc1 h6 8. Bh4 c6 9. Bd3 b6 10. 0-0 Bb7 11. Qe2 dxc4 12. Bxc4 c5 13. Rfd1 Ne4 14. Bxe7 Qxe7 15. Nxe4 1/2-1/2

[Event "Muensterland Verbandsklasse-A 0809"]
[Site "Germany"]
[Date "2008.12.06"]
[Round "4.6"]
[White "Blanke, Martin"]
[Black "Schulte, Ralf"]
[Result "0-1"]
[WhiteElo "1741"]
[BlackElo "1706"]
[PlyCount "42"]
[EventDate "2008.09.13"]
[EventType "team-tourn"]
[EventRounds "9"]
[EventCountry "GER"]
[SourceTitle "EXT 2010"]
[Source "ChessBase"]
[SourceDate "2010.11.25"]
[SourceVersion "1"]
[SourceVersionDate "2010.11.25"]
[SourceQuality "1"]
[WhiteTeam "Metelen"]
[BlackTeam "Emsdetten Rochade"]
[WhiteTeamCountry "GER"]
[BlackTeamCountry "GER"]

1. e4 c5 2. Nf3 Nc6 3. Be2 d6 4. 0-0 Nf6 5. d3 e6 6. c3 Be7 7. Be3 0-0 8. h3 a6 9. Qc2 b5 10. d4 cxd4 11. Nxd4 Bb7 12. Nd2 Nxd4 13. Bxd4 Rc8 14. e5 dxe5 15. Bxe5 Qb6 16. Kh1 Rfd8 17. f4 Nd5 18. Bd4 Qxd4 19. Qxh7+ Kxh7 20. cxd4 Ne3 21. Rf2 Bh4 0-1

[Event "Muensterland Verbandsklasse-A 0708"]
[Site "Germany"]
[Date "2008.03.08"]
[Round "7.6"]
[White "Schulte, Ralf"]
[Black "Jonas, Robert"]
[Result "1/2-1/2"]
[WhiteElo "1801"]
[BlackElo "1699"]
[PlyCount "105"]
[EventDate "2007.09.22"]
[EventType "team"]
[EventRounds "9"]
[EventCountry "GER"]
[SourceTitle "EXT 2009"]
[Source "ChessBase"]
[SourceDate "2008.11.26"]
[SourceVersion "1"]
[SourceVersionDate "2008.11.26"]
[SourceQuality "1"]
[WhiteTeam "Emsdetten Rochade"]
[BlackTeam "Ibbenbueren"]
[WhiteTeamCountry "GER"]
[BlackTeamCountry "GER"]

1. d4 Nf6 2. Nf3 e6 3. Bg5 d5 4. e3 c5 5. c3 Nc6 6. Bd3 cxd4 7. cxd4 h6 8. Bh4 Be7 9. 0-0 0-0 10. Nc3 a6 11. Rc1 Bd7 12. Bb1 g6 13. a3 Rc8 14. Qd3 Kg7 15. Rfe1 Nh7 16. Bg3 f5 17. Na4 Nb4 18. Qb3 Bxa4 19. Qxa4 Nc6 20. Rc3 Nf6 21. Rec1 Qd7 22. Bd3 Ne4 23. Bxe4 dxe4 24. Ne5 Qd5 25. Nxc6 bxc6 26. Qxa6 c5 27. Be5+ Kf7 28. Qb5 c4 29. Qa4 Qb7 30. R1c2 Rc6 31. Rc1 Rfc8 32. Qc2 Rb6 33. Rxc4 Rxc4 34. Qxc4 Rxb2 35. h3 Rb1 36. Rxb1 Qxb1+ 37. Kh2 Qd3 38. Qc8 Qxa3 39. Qh8 Bg5 40. Qg7+ Ke8 41. Qxg6+ Kd7 42. Qf7+ Qe7 43. Qxe7+ Kxe7 44. g3 Kf7 45. Kg2 Kg6 46. Kf1 h5 47. Ke2 Bd8 48. f3 exf3+ 49. Kxf3 Bg5 50. Bf4 Bf6 51. h4 Bg7 52. Ke2 Kf7 53. Kd3 1/2-1/2